| 000 | 00355nam a2200121Ia 4500 | ||
|---|---|---|---|
| 008 | 220204s9999 xx 000 0 und d | ||
| 082 |
_a542.9 _bROS |
||
| 100 | _aRossotti, Francis J C | ||
| 245 | 0 | _aDetermination of stability constants and other equilibrium constants in solution | |
| 260 |
_aNew York _bMcGraw Hill _c1961 |
||
| 700 | _aHazel | ||
| 942 | _cBK | ||
| 999 |
_c20439 _d20439 |
||